| 000 | 00486nam a2200181 a 4500 | ||
|---|---|---|---|
| 001 | 2518 | ||
| 003 | CDMR | ||
| 005 | 20131126141613.0 | ||
| 008 | 130130s1908||||||||||||||||||||||||||||d | ||
| 040 |
_aCDMR _bcat _cCDMR |
||
| 100 | 1 |
_aBarbier, Paul _91888 |
|
| 245 | 1 | 4 |
_aLes Propagateurs de l'Irréligion _b: la Presse _cPaul Barbier |
| 260 |
_aParis _c1908 _bLethielleux |
||
| 300 | _a128 p. | ||
| 490 | 0 |
_aÉtudes Contemporaines _v32 |
|
| 650 | 0 | 4 |
_93101 _aReligió i premsa |
| 942 |
_cMON _2udc |
||
| 999 |
_c2518 _d2518 |
||